বাংলাদেশের পেশাজীবী ও ফোকলোর / (Record no. 39646)
[ view plain ]
| 000 -LEADER | |
|---|---|
| fixed length control field | 01042nam a2200253 a 4500 |
| 001 - CONTROL NUMBER | |
| control field | 39646 |
| 003 - CONTROL NUMBER IDENTIFIER | |
| rucl marc code | BD-RjUL |
| 005 - DATE AND TIME OF LATEST TRANSACTION | |
| control field | 20211209053031.0 |
| 008 - FIXED-LENGTH DATA ELEMENTS--GENERAL INFORMATION | |
| fixed length control field | 160416s2015 bg ||||| b||| 000 0 ben d |
| 020 ## - INTERNATIONAL STANDARD BOOK NUMBER | |
| International Standard Book Number | 9789849133117 |
| Terms of availability | : Tk. 500.00 |
| 035 ## - SYSTEM CONTROL NUMBER | |
| System control number | (BD-RjUL)39759 |
| 040 ## - CATALOGING SOURCE | |
| Original cataloging agency | BD-RjUL |
| Language of cataloging | ben |
| Transcribing agency | BD-RjUL |
| Modifying agency | BD-RjUL |
| 041 ## - LANGUAGE CODE | |
| Language code of text/sound track or separate title | ben |
| 082 ## - DEWEY DECIMAL CLASSIFICATION NUMBER | |
| Edition number | 23 |
| Classification number | 398.095492 |
| Author mark and year | RAB 2015 |
| 100 ## - MAIN ENTRY--PERSONAL NAME | |
| Personal name | রহমান, মো: শহীদুর |
| 9 (RLIN) | 120318 |
| 245 00 - TITLE STATEMENT | |
| Title | বাংলাদেশের পেশাজীবী ও ফোকলোর / |
| Statement of responsibility, etc. | মো: শহীদুর রহমান, মো: জাহাঙ্গীর হোসেন |
| 260 ## - PUBLICATION, DISTRIBUTION, ETC. (IMPRINT) | |
| Place of publication, distribution, etc. | ঢাকা : |
| Name of publisher, distributor, etc. | অনন্যা, |
| Date of publication, distribution, etc. | ২০১৫. |
| 300 ## - PHYSICAL DESCRIPTION | |
| Pagination | ৪০০ পৃ. ; |
| Size | ২২ সেমি. |
| 504 ## - BIBLIOGRAPHY, ETC. NOTE | |
| Bibliography, etc | গ্রন্থপঞ্জি সংযুক্ত |
| 650 ## - SUBJECT ADDED ENTRY--TOPICAL TERM | |
| Topical term or geographic name as entry element | ফোকলোর |
| Geographic subdivision | বাংলাদেশ |
| 9 (RLIN) | 118195 |
| Topical term or geographic name as entry element | Folklore |
| Geographic subdivision | Bangladesh |
| 9 (RLIN) | 117619 |
| 700 ## - ADDED ENTRY--PERSONAL NAME | |
| Personal name | হোসেন, মো: জাহাঙ্গীর |
| 942 ## - ADDED ENTRY ELEMENTS (KOHA) | |
| Source of classification or shelving scheme | Dewey Decimal Classification |
| Koha item type | Books |
| Lost status | Source of classification or shelving scheme | Damaged status | Not for loan | Collection code | Permanent Location | Current Location | Shelving location | Date acquired | Source of acquisition | Cost, normal purchase price | Total Checkouts | Full call number | Date last seen | Copy number | Koha item type | Date checked out | Total Renewals |
|---|---|---|---|---|---|---|---|---|---|---|---|---|---|---|---|---|---|
| Dewey Decimal Classification | Not For Loan | Non-fiction | Central Library, University of Rajshahi | Central Library, University of Rajshahi | Reading Room | 23/04/2015 | Folklore Department, University of Rajshahi. | 500.00 | B 398.095492 RAB 2015 | 16/04/2016 | C-1 | Books | |||||
| Dewey Decimal Classification | Non-fiction | Central Library, University of Rajshahi | Central Library, University of Rajshahi | 23/04/2015 | Folklore Department, University of Rajshahi. | 500.00 | 18 | B 398.095492 RAB 2015 | 05/05/2025 | C-2 | Books | 20/04/2025 | |||||
| Dewey Decimal Classification | Non-fiction | Central Library, University of Rajshahi | Central Library, University of Rajshahi | 23/04/2015 | Folklore Department, University of Rajshahi. | 500.00 | 3 | B 398.095492 RAB 2015 | 11/11/2021 | C-3 | Books | 04/11/2021 | |||||
| Dewey Decimal Classification | Non-fiction | Central Library, University of Rajshahi | Central Library, University of Rajshahi | 23/04/2015 | Folklore Department, University of Rajshahi. | 500.00 | 5 | B 398.095492 RAB 2015 | 22/12/2021 | C-4 | Books | 17/12/2021 | 1 | ||||
| Dewey Decimal Classification | Non-fiction | Central Library, University of Rajshahi | Central Library, University of Rajshahi | 23/04/2015 | Folklore Department, University of Rajshahi. | 500.00 | 7 | B 398.095492 RAB 2015 | 24/02/2022 | C-5 | Books | 10/02/2022 |